logo

Bir Sreshtho Munshi Abdur Rouf Library
Jhenaidah Cadet College

The molecules of nature : (Record no. 8904)

MARC details
000 -LEADER
fixed length control field 00861nam a2200277 a 4500
001 - CONTROL NUMBER
JCCL Control Number 8904
003 - CONTROL NUMBER IDENTIFIER
JCCL marc code BD-JhCC
005 - DATE AND TIME OF LATEST TRANSACTION
control field 20180305171834.0
008 - FIXED-LENGTH DATA ELEMENTS--GENERAL INFORMATION
fixed length control field 180305s1965 us a b 001 0 eng d
035 ## - SYSTEM CONTROL NUMBER
system control number (BD-JhCC)8904
040 ## - CATALOGING SOURCE
Original cataloging agency BD-JhCC
Modifying agency BD-JhCC
041 ## - LANGUAGE CODE
Language code of Book eng
050 #0 - LIBRARY OF CONGRESS CALL NUMBER
Classification number QD415
Item number H38
082 ## - DEWEY DECIMAL CLASSIFICATION NUMBER
Classification number 547.7
Author mark and Year HEN 1965
100 1# - MAIN ENTRY--PERSONAL NAME
Personal name Hendrickson, James Briggs,
Dates associated with a name 1928-
245 14 - TITLE STATEMENT
Title The molecules of nature :
Remainder of title a survey of the biosynthesis and chemistry of natural products /
Statement of responsibility, etc [by] James B. Hendrickson
260 ## - PUBLICATION, DISTRIBUTION, ETC. (IMPRINT)
Place of publication, distribution, etc New York :
Name of publisher, distributor, etc W.A. Benjamin,
Date of publication, distribution, etc 1965
300 ## - PHYSICAL DESCRIPTION
Pagination xiii, 189 p :
Other physical details illus ;
Dimensions 22 cm
490 1# - SERIES STATEMENT
Series statement The Organic chemistry monograph series
504 ## - BIBLIOGRAPHY, ETC. NOTE
Bibliography, etc Includes Index and bibliography
650 #0 - SUBJECT ADDED ENTRY--TOPICAL TERM
Topical term or geographic name as entry element Natural products
650 #0 - SUBJECT ADDED ENTRY--TOPICAL TERM
Topical term or geographic name as entry element Biosynthesis
830 #4 - SERIES ADDED ENTRY--UNIFORM TITLE
Uniform title The Organic chemistry monograph series
942 ## - ADDED ENTRY ELEMENTS (KOHA)
Source of classification or shelving scheme Dewey Decimal Classification
Koha item type Books
Holdings
Source of classification or shelving scheme Damaged status Not for loan Home library Current library Shelving location Date of accession Total Checkouts Full call number Barcode Date last seen Copy number Koha item type
Dewey Decimal Classification     JCC Rouf Library JCC Rouf Library General Stacks 03/05/2018   547.7 HEN 1965 11520 03/05/2018 C-1 Books

JCC Library | Contacts | JCC Home

Last Update on 23 September 2017
Copyright @ 2017-2020 JCC Rouf Library
Rouf Library, Jhenidah Cadet College (JCC), Bangladesh